ბათუმის შოთა რუსთაველის სახელმწიფო უნივერსიტეტის ბიბლიოთეკა

თვალის ერთი გადავლებით ინდოეთის გზებზე : (ბიბ.ჩანაწერი № 39345)

000 -ლიდერი
ფიქსირებული სიგრძის საკონტროლო ველი 01145nam a2200229Ia 4500
001 - საკონტროლო ნომერი
საკონტროლო ველი 5932
003 - საკონტროლო ნომრის იდენტიფიკატორი
საკონტროლო ველი GE_BSU
005 - ბოლო ოპერაციის თარიღი და დრო
საკონტროლო ველი 20190829114123.0
008 - ფიქსირებული სიგრძის მონაცემთა ელემენტები - ზოგადი ინფორმაცია
ფიქსირებული სიგრძის საკონტროლო ველი 181216s1960||||ge |||||||||||||| ||geo||
040 ## - კატალოგიზაციის წყარო
Transcribing agency GE_BSU
041 ## - ენის კოდი
Language code of text/sound track or separate title geo
080 ## - უნივერსალური ათობითი კლასიფიკაციის ინდექსი
Universal Decimal Classification number 821.353.1-94 + 910.4+7 ა-13
100 ## - მთავარი ჩანაწერი - პიროვნების სახელი
Personal name აბაშიძე, ირაკლი
9 (RLIN) 3740
245 ## - ცნობა სათაურის შესახებ
Title თვალის ერთი გადავლებით ინდოეთის გზებზე :
Remainder of title შთაბეჭდილებანი /
Statement of responsibility, etc ირაკლი აბაშიძე ; რედ. ვ. გორგაძე ; მხატვ. ირ. ჯანაშვილი.
264 ## - წარმოების, გამოცემის, დისტრიბუციის და სხვა ცნობები
გამოცემის, წარმოების, დისტრიბუციის... ადგილი თბილისი :
გამოცემის, წარმოების, დისტრიბუციის... სახელწოდება საბჭოთა მწერალი ;
გამოცემის, წარმოების, დისტრიბუციის... თარიღი 1960.
300 ## - ფიზიკური აღწერა
Extent 292 გვ. ;
Dimensions 17 სმ.
653 ## - INDEX TERM--UNCONTROLLED
Uncontrolled term თვალის ერთი გადავლებით ინდოეთის გზებზე
653 ## - INDEX TERM--UNCONTROLLED
Uncontrolled term შთაბეჭდილებანი
700 ## - ADDED ENTRY--PERSONAL NAME
Personal name გორგაძე, ვ.
Relator term რედაქტორი
9 (RLIN) 3815
700 ## - ADDED ENTRY--PERSONAL NAME
Personal name ჯანაშვილი, ირ.
Relator term მხატვარი
9 (RLIN) 3816
942 ## - ADDED ENTRY ELEMENTS (KOHA)
Koha item type წიგნი
Source of classification or shelving scheme
ეგზემპლარები
ჩამოწერის სტატუსი დაკარგული ეგზემპლარის სტატუსი კლასიფიკაციის წყარო ან თაროზე გაწყობის სქემა დაზიანების სტატუსი არ გაიცემა მუდმივი მდებარეობა (დაცვის ადგილი) ამჟამინდელი ადგილსამყოფელი თაროზე განთავსების ადგილი შეძენის თარიღი ღირებულება, შესყიდვის ნორმალური ფასი სრული შენახვის შიფრი შტრიხკოდი ბოლო ოპერაციის თარიღი ეგზემპლარის მიმდევრობითი ნომერი (კეტერი?) ფასის ძალაში შესვლის თარიღი ეგზემპლარის სახეობა საჯარო შენიშვნა
          ბათუმის შოთა რუსთაველის სახელმწიფო უნივერსიტეტის მთავარი ბიბლიოთეკა ბათუმის შოთა რუსთაველის სახელმწიფო უნივერსიტეტის მთავარი ბიბლიოთეკა წიგნსაცავი 2018-12-17 8.70 821.353.1-94 + 910.4+7 ა-13 13592 2018-12-17 13592 2018-12-17 წიგნი 8.70 ლ.